000
00200 a2200097 4500
001
58513
100
_a
245
_a
Civil major acts
260
_a
Lahore
_b
Law Time Pub
_c
2004
090
_c
35885
_d
35885
942
_a
NUST-CAE
_c
_c
28763
999
_c
293586
_d
293586